000 00986cad a22002175a 4500
001 L150374
008 100707e2010 xxk 000 0 eng d
035 _a(Sirsi) u150374
041 0 _aeng
050 _a333
_b72
110 2 _aCommission for Architecture and the Built Environment
_94058
110 2 _aNational Housing Federation
_9695
245 0 0 _aDecent homes need decent spaces
_ban action plan to improve open spaces in social housing areas
_h[electronic resource]
260 _aLondon
_bCABE
_bNHF
_c2010
520 _aThe quality of open spaces is important; impact on people's health and well-being; involve residents; funding; healthy living; improve personal safety.
590 _aKA, NTK
651 4 _aEngland
_y886-
690 _aBUILT ENVIRONMENT
856 4 8 _uhttps://webarchive.nationalarchives.gov.uk/20110118095356/http:/www.cabe.org.uk/files/decent-homes-need-decent-spaces.pdf
_zView the website free of charge at webarchive.nationalarchives.gov.uk
942 _n0
999 _c82481
_d82481